| 000 | 00614nam a2200229Ia 4500 | ||
|---|---|---|---|
| 008 | 160319s9999 xx 000 0 und d | ||
| 020 | _a971-08-6899-3 | ||
| 050 | _aFIL RC 1235 | ||
| 050 | _b.A68 2009 | ||
| 100 | _aAquino, Gaudencio V. | ||
| 245 | _aEveryone's practical guide to fitness & health / | ||
| 245 | _cGaudencio V. Aquino. | ||
| 260 | _aMandaluyong: | ||
| 260 | _bNational Book Store, | ||
| 260 | _c2009 | ||
| 300 | _a194 pages : | ||
| 300 | _billustrations ; | ||
| 300 | _c22 cm. | ||
| 500 | _aIncludes bibliographical references. | ||
| 650 | _aHealth. | ||
| 650 | _xPhysical fitness. | ||
| 999 |
_c291955 _d291955 |
||